Score 0/37 Timer 10:00
1 Play Today
% Correct
To Serve Man
94.9%
It's a Good Life
92.3%
The Midnight Sun
92.3%
Five Characters in Search of an Exit
92.3%
The Dummy
92.3%
Two
89.7%
The Little People
89.7%
A Game of Pool
87.2%
The Shelter
84.6%
The Grave
84.6%
Death's Head Revisited
84.6%
The Jungle
84.6%
A Quality of Mercy
84.6%
Nothing in the Dark
84.6%
The Fugitive
84.6%
Little Girl Lost
84.6%
The Changing of the Guard
84.6%
One More Pallbearer
82.1%
Kick the Can
82.1%
% Correct
The Last Rites of Jeff Myrtlebank
82.1%
The Mirror
79.5%
Dead Man's Shoes
79.5%
The Hunt
79.5%
A Piano in the House
79.5%
Person or Persons Unknown
79.5%
Four O'Clock
79.5%
Hocus Pocus and Frisby
79.5%
The Gift
79.5%
I Sing the Body Electric
79.5%
Cavender is Coming
79.5%
The Passersby
76.9%
The Trade Ins
76.9%
Young Man's Fancy
76.9%
Once Upon A Time
74.4%
Showdown with Rance McGrew
74.4%
The Arrival
71.8%
Still Valley
71.8%

You're not logged in!

Compare scores with friends on all Sporcle quizzes.
OR
Log In

Sporcle TV

Today on Sporcle TV


Watch our educational content, quiz creation guides, and fun videos on Sporcle TV.

Show Comments

Extras

Top Quizzes Today


Score Distribution

Paid Content

Your Account Isn't Verified!

In order to create a playlist on Sporcle, you need to verify the email address you used during registration. Go to your Sporcle Settings to finish the process.

Report this User

Report this user for behavior that violates our Community Guidelines.

Details: